Arsenal's Transfers Since 1990 - Statistics

General Stats
  • This quiz has been taken 582 times
  • The average score is 20 of 28
Answer Stats
Date Position Nationality Answer % Correct
1990-2003 GK England David Seaman
97%
1995-2006 Forward Netherlands Dennis Bergkamp
97%
1999-2007 Forward France Thierry Henry
88%
1998-2007 Midfield Sweeden Freddie Ljungberg
86%
1996-2005 Midfield France Patrick Vieira
86%
2004-2012 Forward Netherlands van Persie
83%
2002-2009 Defender Ivory Coast Kolo Touré
82%
2003-2011 Midfielder Spain Cesc Fàbregas
81%
1999-2004 Forward Nigeria Nwankwo Kanu
78%
2006-2009 Forward Togo Adebayor
77%
2009-2013 Midfield Russia Arshavin
76%
2000-2006 Midfield France Robert Pires
74%
2001-2006 Defender England Sol Campbell
74%
2005-2014 Forward Denmark Bendtner
73%
1999-2006 Defender English Ashley Cole
72%
2004-2012 GK Spain Almunia
71%
2000-2007 Defender Cameroon Lauren
69%
2009-2014 Defender Belgium Vermaelen
69%
2005-2012 Midfield Cameroon Song
66%
2002-2008 Midfield Brazil Gilberto Silva
65%
2001-2005 Midfield Brazil Edu
63%
2004-2007 Forward Spain Reyes
62%
2003-2011 Defender France Gaël Clichy
59%
2007-2014 Defender France Sagna
57%
2003-2010 Defender Switzerland Senderos
56%
2005-2011 Defender Ivory Coast Eboué
55%
2008-2011 Midfield France Samir Nasri
49%
2006-2010 Defender France Gallas
45%
No matching quizzes found
Score Distribution
Percent of People with Each Score
Percentile by Number Answered
Your Score History
You have not taken this quiz